Cry Baby (Deluxe)-Album (Melanie Martinez) - Statistics

General Stats
  • This quiz has been taken 82 times
  • The average score is 13 of 16
Answer Stats
Hint Answer % Correct
1. Cry Baby
100%
2. Dollhouse
95%
3. Sippy Cup
89%
4. Carousel
86%
10. Milk and Cookies
86%
9. Tag, You're It
86%
16. (Deluxe) Cake
84%
6. Soap
84%
5. Alphabet Boy
80%
13. Mad Hatter
80%
14. (Deluxe) Play Date
80%
8. Pity Party
79%
15. (Deluxe) Teddy Bear
79%
7. Training Wheels
79%
11. Pacify Her
77%
12. Mrs. Potato Head
75%
No matching quizzes found
Score Distribution
Percent of People with Each Score
Percentile by Number Answered
Your Score History
You have not taken this quiz